Guia de pesca en Chile
Zapisane w:
| Korporacja: | |
|---|---|
| Format: | Książka |
| Język: | hiszpański angielski francuski |
| Wydane: |
Santiago
Ferrocarriles del Estado
1962
|
| Wydanie: | 1a. ed |
| Hasła przedmiotowe: | |
| Etykiety: |
Dodaj etykietę
Nie ma etykietki, Dołącz pierwszą etykiete!
|
MARC
| LEADER | 00000cam a2200000 a 4500 | ||
|---|---|---|---|
| 001 | UCE8634 | ||
| 003 | CL-VaPUC | ||
| 008 | 150820e19620000cl |||||||||||||||||spa|d | ||
| 041 | 0 | 7 | |a spa |2 CL-VaPUC |
| 041 | 0 | 7 | |a eng |2 CL-VaPUC |
| 041 | 0 | 7 | |a fre |2 CL-VaPUC |
| 082 | 0 | 4 | |a 639.2 |b FER |2 21 |
| 110 | 2 | |a Ferrocarriles del Estado |e author |9 581360 | |
| 245 | 1 | 0 | |a Guia de pesca en Chile |
| 246 | 1 | 0 | |a Fishing guide |
| 246 | 1 | 0 | |a Guide de Peche |
| 250 | |a 1a. ed | ||
| 300 | |a 165 p | ||
| 942 | |c BK | ||
| 945 | |d 20150820 22:36:00 |a gsalatino | ||
| 260 | |a Santiago |b Ferrocarriles del Estado |c 1962 | ||
| 650 | 7 | |a GUIA TURISMO |2 CL-VaPUC |9 581361 | |
| 650 | 0 | |a Pesca |9 258707 | |
| 650 | 7 | |a PESCA DEPORTIVA |2 CL-VaPUC |9 455410 | |
| 583 | |a last modification |c 20150820 22:36:00 |k Rodrigo Vera | ||
| 999 | |c 360429 |d 360427 | ||
| 952 | |0 0 |1 0 |3 erb |4 0 |6 639_200000000000000_FER_1962 |7 0 |8 X |9 470249 |a FDOBUD |b FDOBUD |i 5169712 |o 639.2 FER 1962 |p 5169712 |r 2019-11-23 |w 2019-11-23 |y BK_X |z Catalogado en:20150820 |k BUD | ||